00397nam a2200133Ia 4500008004100000020001200041040001900053041001200072082002500084245006100109260005100170650002100221700002100242131103s9999 xx 000 0 und d cRs. 100 aLoreto College aEnglish a954/BAGbLCLIB/42636 aIntroducing IndiacEdited by K.N. Bagchi, W.G. Griffiths aCalcuttabThe Asiatic Societyc1947 (rep 1990) aIndia, History  aBagchi, K.N., ed